000 00523nam a2200205Ia 4500
003 OSt
005 20230412110344.0
008 210423s2009 xx 000 0 und d
020 _a333901924
040 _cAL
041 _aeng
082 _a370.15 BHAH
100 _aBHATIA (Hans Raj).
_986738
245 _aTextbook of educational psychology.
260 _aDelhi
_bMacmillan India Ltd
_c2009
300 _axviii,666
_bPB
365 _b295
_cINR
906 _aeducational ; psychology. ; Textbook
942 _2ddc
_cBK
999 _c159574
_d159574